[Event "Titled Tuesday intern op 5th May"]
[Site "Chess.com INT"]
[Date "2020.05.05"]
[Round "1"]
[White "Giri, Anish"]
[Black "Steinbuerg, Karl W"]
[Result "1-0"]
[WhiteElo "2764"]
[BlackElo "2468"]
[PlyCount "55"]
[EventDate "2020.05.05"]
[EventType "swiss (blitz)"]
[EventRounds "10"]
[EventCountry "USA"]
[SourceTitle "EXT 2021"]
[Source "ChessBase"]
[SourceDate "2020.10.23"]
[SourceVersion "1"]
[SourceVersionDate "2020.10.23"]
[SourceQuality "1"]

1. e4 e6 2. d4 d5 3. e5 c5 4. c3 Nc6 5. Nf3 Qb6 6. Be2 Bd7 7. 0-0 Nh6 8. Bxh6 gxh6 9. Qd2 Bg7 10. a3 a5 11. a4 0-0 12. Bb5 c4 13. Na3 Rad8 14. Nc2 Nb8 15. Bxd7 Nxd7 16. Ne3 f5 17. exf6 Rxf6 18. Qe2 Rdf8 19. Ng4 Rg6 20. h3 Qd6 21. Rae1 Qf4 22. Nh4 Rg5 23. Qxe6+ Rf7 24. g3 Qd2 25. Nf3 Qxb2 26. Nxg5 hxg5 27. Qxd5 Qxc3 28. Re7 1-0

[Event "Titled Tuesday intern op1 3rd March  "]
[Site "Chess.com INT"]
[Date "2020.03.03"]
[Round "1"]
[White "Artemiev, Vladislav"]
[Black "Steinbuerg, Karl W"]
[Result "0-1"]
[WhiteElo "2728"]
[BlackElo "2540"]
[PlyCount "138"]
[EventDate "2020.03.03"]
[EventType "swiss (blitz)"]
[EventRounds "10"]
[EventCountry "USA"]
[SourceTitle "EXT 2021"]
[Source "ChessBase"]
[SourceDate "2020.10.23"]
[SourceVersion "1"]
[SourceVersionDate "2020.10.23"]
[SourceQuality "1"]

1. Nf3 Nf6 2. g3 e6 3. Bg2 d5 4. 0-0 Be7 5. d3 0-0 6. Nbd2 c5 7. e4 Nc6 8. Re1 b5 9. a4 b4 10. exd5 Nxd5 11. Nc4 Bb7 12. h4 Qc7 13. Bg5 h6 14. Bxe7 Qxe7 15. Nfd2 Rad8 16. Nb3 Nd4 17. Nxd4 cxd4 18. Qd2 Qc7 19. Re2 Rb8 20. Rae1 b3 21. cxb3 Ba8 22. Qd1 Qb7 23. Nd2 Qb6 24. Re5 Rfd8 25. Qg4 Nf6 26. Qe2 Bxg2 27. Kxg2 Rd5 28. Rxd5 Nxd5 29. Qe5 Qb4 30. Re2 Rc8 31. Nf3 Qxb3 32. Qxd4 a5 33. Ne5 Qb7 34. Qe4 Rb8 35. Nc4 Qb4 36. Ne5 Nf6 37. Qf3 Qxa4 38. g4 Qe8 39. g5 hxg5 40. hxg5 Nd5 41. Rc2 Qe7 42. Qg3 Ra8 43. g6 fxg6 44. Nxg6 Qf6 45. Re2 Qxg6 46. Qxg6 Nf4+ 47. Kg3 Nxg6 48. Rxe6 Kf7 49. Rd6 Rb8 50. Rd7+ Kf6 51. Rd6+ Kf7 52. Rd7+ Ne7 53. Ra7 Rxb2 54. Kf3 Ra2 55. Ke3 a4 56. f4 Kf6 57. Ra6+ Kf7 58. Ke4 a3 59. d4 Ra1 60. Kf3 a2 61. Kg2 Nd5 62. f5 Ne3+ 63. Kh2 Nxf5 64. d5 g5 65. Ra4 g4 66. Ra7+ Kf6 67. d6 Nxd6 68. Ra4 Nf5 69. Rxa2 Rxa2+ 0-1

[Event "Titled Tuesday intern op 3rd March"]
[Site "Chess.com INT"]
[Date "2020.03.03"]
[Round "2"]
[White "Atanasov, Anthony"]
[Black "Steinbuerg, Karl W"]
[Result "0-1"]
[WhiteElo "2205"]
[BlackElo "2531"]
[PlyCount "84"]
[EventDate "2020.03.03"]
[EventType "swiss (blitz)"]
[EventRounds "10"]
[EventCountry "USA"]
[SourceTitle "EXT 2021"]
[Source "ChessBase"]
[SourceDate "2020.10.23"]
[SourceVersion "1"]
[SourceVersionDate "2020.10.23"]
[SourceQuality "1"]

1. d4 Nf6 2. Nf3 e6 3. Bf4 d5 4. e3 c5 5. Nbd2 Bd6 6. c3 0-0 7. Bd3 Qc7 8. Ne5 Nbd7 9. Ndf3 Ne4 10. Nxd7 Bxd7 11. Bxe4 Bxf4 12. Bxh7+ Kxh7 13. exf4 Qxf4 14. 0-0 cxd4 15. cxd4 Rac8 16. Ne5 Bb5 17. Re1 f6 18. Qh5+ Qh6 19. Qxh6+ Kxh6 20. Nf3 Rc6 21. b4 a6 22. a4 Bd3 23. h3 Rfc8 24. Nd2 Kg6 25. Nb3 b6 26. a5 Rc3 27. Nd2 bxa5 28. Rxa5 Rc1 29. Rxc1 Rxc1+ 30. Kh2 Rc2 31. Nb3 Rxf2 32. Nc5 Bc4 33. Nxe6 Rb2 34. Nf4+ Kf5 35. Nxd5 Ke4 36. Nb6 Bf1 37. d5 Rxg2+ 38. Kh1 Rd2 39. Kg1 Bb5 40. Ra1 Kf3 41. Ra3+ Ke4 42. Ra2 Rxa2 0-1

[Event "Titled Tuesday intern op 3rd March"]
[Site "Chess.com INT"]
[Date "2020.03.03"]
[Round "6"]
[White "Steinbuerg, Karl W"]
[Black "Asgharzadeh, Mitra"]
[Result "1-0"]
[WhiteElo "2541"]
[BlackElo "1978"]
[PlyCount "101"]
[EventDate "2020.03.03"]
[EventType "swiss (blitz)"]
[EventRounds "10"]
[EventCountry "USA"]
[SourceTitle "EXT 2021"]
[Source "ChessBase"]
[SourceDate "2020.10.23"]
[SourceVersion "1"]
[SourceVersionDate "2020.10.23"]
[SourceQuality "1"]

1. d4 Nf6 2. Nf3 g6 3. c4 Bg7 4. Nc3 0-0 5. e4 d6 6. Be2 Nbd7 7. 0-0 e5 8. Be3 Ng4 9. Bg5 f6 10. Bh4 Nh6 11. dxe5 dxe5 12. Nd2 c6 13. b4 a5 14. a3 axb4 15. axb4 Rxa1 16. Qxa1 Qb6 17. Rb1 Nf7 18. c5 Qc7 19. Bc4 Kh8 20. Bxf7 Rxf7 21. Nc4 b6 22. Nd6 Rf8 23. Qa2 Nb8 24. f3 Na6 25. Bf2 b5 26. Qb3 Qe7 27. Bh4 Nc7 28. Ra1 Ne6 29. Ra8 Bd7 30. Ra7 Nd4 31. Qa3 Rd8 32. Qa6 Qf8 33. Qb6 Rb8 34. Qc7 Be6 35. h3 Rd8 36. Bf2 Rd7 37. Qb6 Rxa7 38. Qxa7 f5 39. Qc7 fxe4 40. Ncxe4 Bd5 41. Ng5 h6 42. Ngf7+ Kh7 43. Bh4 Ne6 44. Qb7 Nd8 45. Bxd8 Bxf7 46. Nxf7 e4 47. Qe7 Qxe7 48. Bxe7 e3 49. Kf1 Bc3 50. Ke2 Bxb4 51. Nd8 1-0

[Event "Titled Tuesday intern op 3rd March"]
[Site "Chess.com INT"]
[Date "2020.03.03"]
[Round "1"]
[White "Steinbuerg, Karl W"]
[Black "Iturrizaga Bonelli, Eduardo"]
[Result "0-1"]
[WhiteElo "2527"]
[BlackElo "2607"]
[PlyCount "66"]
[EventDate "2020.03.03"]
[EventType "swiss (blitz)"]
[EventRounds "10"]
[EventCountry "USA"]
[SourceTitle "EXT 2021"]
[Source "ChessBase"]
[SourceDate "2020.10.23"]
[SourceVersion "1"]
[SourceVersionDate "2020.10.23"]
[SourceQuality "1"]

1. d4 Nf6 2. Nf3 e6 3. c4 b6 4. a3 Bb7 5. Nc3 g6 6. d5 Bg7 7. e4 0-0 8. Bd3 Na6 9. 0-0 Nc5 10. Bc2 d6 11. b4 Ncxe4 12. Bxe4 Nxe4 13. Nxe4 exd5 14. cxd5 Bxa1 15. Bg5 f6 16. Bh6 Re8 17. Neg5 fxg5 18. Qxa1 Qe7 19. Re1 Qf7 20. Nxg5 Rxe1+ 21. Qxe1 Re8 22. Qa1 Qf6 23. Qd1 Qd4 24. Qc1 Qb2 25. Qd1 Qe2 26. Qxe2 Rxe2 27. Kf1 Ra2 28. Ne6 Bxd5 29. Nxc7 Bc4+ 30. Ke1 Re2+ 31. Kd1 Re7 32. Na8 Re8 33. Nc7 Rc8 0-1

[Event "Titled Tuesday intern op 3rd March"]
[Site "Chess.com INT"]
[Date "2020.03.03"]
[Round "3"]
[White "Steinbuerg, Karl W"]
[Black "Zubov, Alexander"]
[Result "0-1"]
[WhiteElo "2529"]
[BlackElo "2593"]
[PlyCount "56"]
[EventDate "2020.03.03"]
[EventType "swiss (blitz)"]
[EventRounds "10"]
[EventCountry "USA"]
[SourceTitle "EXT 2021"]
[Source "ChessBase"]
[SourceDate "2020.10.23"]
[SourceVersion "1"]
[SourceVersionDate "2020.10.23"]
[SourceQuality "1"]

1. d4 Nf6 2. Nf3 g6 3. c4 Bg7 4. Nc3 d5 5. h4 c6 6. cxd5 cxd5 7. Bf4 Nc6 8. e3 0-0 9. Qb3 Na5 10. Qb4 Nc6 11. Qa3 Ne4 12. Be2 Bg4 13. 0-0 Bxf3 14. Bxf3 Nd2 15. Bxd5 Nxf1 16. Rxf1 Qd7 17. Bf3 Rfd8 18. Ne4 b6 19. Nc3 Rac8 20. Rd1 Na5 21. Bg5 Bf8 22. d5 h6 23. Bf4 e5 24. dxe6 Qxd1+ 25. Nxd1 Bxa3 26. exf7+ Kxf7 27. bxa3 Rxd1+ 28. Bxd1 Rc1 0-1

[Event "Titled Tuesday intern op1 4th Febr"]
[Site "Chess.com INT"]
[Date "2020.02.04"]
[Round "6"]
[White "Sanchez Alvarez, Kelvin Antonio"]
[Black "Steinbuerg, Karl W"]
[Result "1-0"]
[WhiteElo "2250"]
[BlackElo "2492"]
[PlyCount "81"]
[EventDate "2020.02.04"]
[EventType "swiss (blitz)"]
[EventRounds "10"]
[EventCountry "USA"]
[SourceTitle "EXT 2021"]
[Source "ChessBase"]
[SourceDate "2020.10.23"]
[SourceVersion "1"]
[SourceVersionDate "2020.10.23"]
[SourceQuality "1"]

1. d4 Nf6 2. c4 e6 3. Nf3 d5 4. Nc3 dxc4 5. e3 a6 6. Bxc4 b5 7. Be2 Bb7 8. 0-0 c5 9. dxc5 Qxd1 10. Rxd1 Bxc5 11. b3 Nbd7 12. Bb2 0-0 13. a4 b4 14. Nb1 Bd5 15. Nbd2 a5 16. Nc4 Nb6 17. Nfe5 Rfd8 18. Nxb6 Bxb6 19. Nc4 Bc7 20. f3 Bxc4 21. Bxc4 Bb6 22. Kf2 Kf8 23. Ke2 Ke7 24. g4 g6 25. h3 Rac8 26. e4 Nd7 27. f4 Nc5 28. Kf3 f6 29. h4 Nd7 30. g5 Rf8 31. Rd2 fxg5 32. hxg5 e5 33. Rad1 Rxf4+ 34. Kg3 Rc7 35. Bb5 Rxe4 36. Rxd7+ Rxd7 37. Rxd7+ Ke6 38. Rxh7 Re3+ 39. Kg4 Rxb3 40. Bc4+ Kd6 41. Bxb3 1-0

[Event "Titled Tuesday intern op1 4th Febr"]
[Site "Chess.com INT"]
[Date "2020.02.04"]
[Round "2"]
[White "Steinbuerg, Karl W"]
[Black "Arvind, C Jayaraman"]
[Result "1/2-1/2"]
[WhiteElo "2499"]
[BlackElo "2123"]
[PlyCount "114"]
[EventDate "2020.02.04"]
[EventType "swiss (blitz)"]
[EventRounds "10"]
[EventCountry "USA"]
[SourceTitle "EXT 2021"]
[Source "ChessBase"]
[SourceDate "2020.10.23"]
[SourceVersion "1"]
[SourceVersionDate "2020.10.23"]
[SourceQuality "1"]

1. d4 Nf6 2. Nf3 d5 3. c4 e6 4. g3 Be7 5. Bg2 0-0 6. 0-0 dxc4 7. Ne5 c5 8. dxc5 Qc7 9. Nxc4 Qxc5 10. Qb3 Nc6 11. Be3 Qh5 12. f3 e5 13. Nc3 Rb8 14. Nd2 Be6 15. Qa4 a6 16. Nde4 Nxe4 17. Nxe4 b5 18. Qxa6 Nd4 19. Bxd4 exd4 20. Qa7 Rfe8 21. Qxd4 f5 22. Nf2 Bf6 23. Qb4 Bc4 24. Rfe1 Bxe2 25. Nh3 Bxf3 26. Qb3+ Qf7 27. Bxf3 Qxb3 28. axb3 Bxb2 29. Rab1 Bc3 30. Rxe8+ Rxe8 31. Kf2 b4 32. Rd1 h6 33. Nf4 g5 34. Nd5 Kg7 35. Nxc3 bxc3 36. Rc1 Rc8 37. Bd5 Kf6 38. Bc4 f4 39. Rxc3 fxg3+ 40. hxg3 h5 41. b4 h4 42. gxh4 gxh4 43. b5 Ke5 44. Ke3 h3 45. Rc2 h2 46. Rxh2 Rxc4 47. Kd3 Rb4 48. Kc3 Rb1 49. Kc4 Kd6 50. Rh7 Rb2 51. Rb7 Rb1 52. Kc3 Kc5 53. Rc7+ Kb6 54. Rg7 Rxb5 55. Rg6+ Ka5 56. Rf6 Rb6 57. Rxb6 Kxb6 1/2-1/2

[Event "Titled Tuesday intern op1 4th Febr"]
[Site "Chess.com INT"]
[Date "2020.02.04"]
[Round "4"]
[White "Yanchenko, Roman"]
[Black "Steinbuerg, Karl W"]
[Result "1-0"]
[WhiteElo "2463"]
[BlackElo "2501"]
[PlyCount "75"]
[EventDate "2020.02.04"]
[EventType "swiss (blitz)"]
[EventRounds "10"]
[EventCountry "USA"]
[SourceTitle "EXT 2021"]
[Source "ChessBase"]
[SourceDate "2020.10.23"]
[SourceVersion "1"]
[SourceVersionDate "2020.10.23"]
[SourceQuality "1"]

1. d4 Nf6 2. Nf3 e6 3. c4 d5 4. Nc3 dxc4 5. Bg5 Bb4 6. e3 h6 7. Bxf6 Qxf6 8. Bxc4 0-0 9. 0-0 b6 10. Ne4 Qe7 11. a3 Bb7 12. Qc2 Bd6 13. b4 Nd7 14. Bb5 Nf6 15. Bc6 Bxc6 16. Nxf6+ Qxf6 17. Qxc6 a5 18. b5 Rfe8 19. a4 e5 20. dxe5 Bxe5 21. Nxe5 Qxe5 22. Rad1 Rad8 23. g3 h5 24. h4 g6 25. Rc1 Re7 26. Rfd1 Rxd1+ 27. Rxd1 Kg7 28. Rd4 Re6 29. Qc4 Rd6 30. Qxc7 Re6 31. Qd8 Qc5 32. Kg2 Rf6 33. Rd2 Qc4 34. Qd4 Qe6 35. e4 Kh7 36. f4 Qb3 37. Qxf6 Qe3 38. Qd4 1-0

[Event "Titled Tuesday intern op 3rd Jan"]
[Site "Chess.com INT"]
[Date "2019.12.03"]
[Round "1"]
[White "Steinbuerg, Karl W"]
[Black "Fedoseev, Vladimir1111"]
[Result "1-0"]
[WhiteElo "2527"]
[BlackElo "2677"]
[PlyCount "119"]
[EventDate "2019.12.03"]
[EventType "swiss (blitz)"]
[EventRounds "10"]
[EventCountry "USA"]
[SourceTitle "EXT 2021"]
[Source "ChessBase"]
[SourceDate "2020.10.23"]
[SourceVersion "1"]
[SourceVersionDate "2020.10.23"]
[SourceQuality "1"]

1. d4 Nf6 2. Nf3 e6 3. c4 d5 4. Nc3 a6 5. cxd5 exd5 6. Bf4 Be6 7. e3 Nbd7 8. h3 Ne4 9. Bd3 f5 10. 0-0 c6 11. Ne5 Ndf6 12. f3 Nd6 13. Qe2 Be7 14. Rad1 0-0 15. Kh1 Qa5 16. g4 Rae8 17. Bh2 c5 18. Bc2 cxd4 19. exd4 Bd8 20. Qg2 fxg4 21. hxg4 Nc4 22. Nxc4 dxc4 23. Be5 Bc7 24. Qh2 Rf7 25. g5 Bxe5 26. dxe5 Nd5 27. Bxh7+ Kf8 28. Bg6 Ne3 29. Bxf7 Kxf7 30. Ne4 Ke7 31. g6 Nf5 32. Nd6 Rf8 33. Nxf5+ Bxf5 34. Qh4+ Ke8 35. Qxc4 Rh8+ 36. Kg1 Qb6+ 37. Qd4 Qxg6+ 38. Kf2 Rh2+ 39. Ke3 Qh6+ 40. f4 Kf7 41. Rf3 Qh5 42. Qc4+ Kg6 43. Rg1+ Kh7 44. Qc7 Bg6 45. Qe7 Qf5 46. Rxg6 Qxg6 47. Qg5 Qb6+ 48. Ke4 Qc6+ 49. Kf5 g6+ 50. Kg4 Qd7+ 51. f5 Qd4+ 52. Qf4 Rg2+ 53. Kh3 Qxb2 54. fxg6+ Rxg6 55. Qf7+ Kh6 56. Qf4+ Kh7 57. Qf7+ Kh6 58. Qf8+ Kh5 59. Qh8+ Kg5 60. Qh4# 1-0

[Event "Titled Tuesday intern op 3rd Jan"]
[Site "Chess.com INT"]
[Date "2019.12.03"]
[Round "9"]
[White "Steinbuerg, Karl W"]
[Black "Manukian, Artak"]
[Result "1-0"]
[WhiteElo "2517"]
[BlackElo "2196"]
[PlyCount "53"]
[EventDate "2019.12.03"]
[EventType "swiss (blitz)"]
[EventRounds "10"]
[EventCountry "USA"]
[SourceTitle "EXT 2021"]
[Source "ChessBase"]
[SourceDate "2020.10.23"]
[SourceVersion "1"]
[SourceVersionDate "2020.10.23"]
[SourceQuality "1"]

1. d4 Nf6 2. Nf3 e6 3. c4 c5 4. Nc3 cxd4 5. Nxd4 Nc6 6. e3 d5 7. Nxc6 bxc6 8. Be2 a5 9. 0-0 Be7 10. Bd3 0-0 11. Qe2 Qb6 12. Na4 Qb8 13. Bd2 Ng4 14. Qxg4 e5 15. Qe2 e4 16. Bc2 f5 17. Bb3 Be6 18. Nc3 Qe5 19. cxd5 cxd5 20. Nb5 f4 21. exf4 Rxf4 22. Bxf4 Qxf4 23. Rad1 Rd8 24. Qe3 Qh4 25. g3 Qh3 26. Nc7 Bg4 27. Rxd5 1-0

[Event "Titled Tuesday intern op 3rd Jan"]
[Site "Chess.com INT"]
[Date "2019.12.03"]
[Round "7"]
[White "Steinbuerg, Karl W"]
[Black "Womacka, Mathias"]
[Result "1-0"]
[WhiteElo "2516"]
[BlackElo "2441"]
[PlyCount "107"]
[EventDate "2019.12.03"]
[EventType "swiss (blitz)"]
[EventRounds "10"]
[EventCountry "USA"]
[SourceTitle "EXT 2021"]
[Source "ChessBase"]
[SourceDate "2020.10.23"]
[SourceVersion "1"]
[SourceVersionDate "2020.10.23"]
[SourceQuality "1"]

1. d4 Nf6 2. Nf3 e6 3. c4 Bb4+ 4. Nbd2 0-0 5. a3 Be7 6. e4 d5 7. e5 Nfd7 8. Qc2 c5 9. cxd5 exd5 10. h4 Nc6 11. Bd3 h6 12. 0-0 cxd4 13. Re1 Bxh4 14. b4 Re8 15. Nxh4 Qxh4 16. Nf3 Qh5 17. Bf4 Nb6 18. b5 Ne7 19. Nxd4 Ng6 20. Bxg6 Qxg6 21. Qxg6 fxg6 22. e6 a6 23. a4 axb5 24. Nxb5 Rxe6 25. Rxe6 Bxe6 26. Nc7 Rxa4 27. Rxa4 Nxa4 28. Nxe6 g5 29. Be5 g6 30. Nc7 Kf7 31. Bd4 Ke7 32. Nxd5+ Kd6 33. Ne3 b5 34. f3 b4 35. Kf2 b3 36. Nd1 Kd5 37. Ke3 Kc4 38. Nb2+ Nxb2 39. Bxb2 Kd5 40. Kd3 h5 41. Bc1 g4 42. fxg4 hxg4 43. g3 Ke5 44. Bf4+ Kf5 45. Kc3 g5 46. Bb8 Kg6 47. Kxb3 Kf5 48. Kc4 Ke4 49. Bd6 Kf5 50. Kd5 Kf6 51. Ke4 Kg6 52. Ke5 Kg7 53. Kf5 Kh6 54. Kxg4 1-0

[Event "Titled Tuesday intern op 3rd Jan"]
[Site "Chess.com INT"]
[Date "2019.12.03"]
[Round "6"]
[White "Toncheva, Nadya"]
[Black "Steinbuerg, Karl W"]
[Result "0-1"]
[WhiteElo "1939"]
[BlackElo "2512"]
[PlyCount "72"]
[EventDate "2019.12.03"]
[EventType "swiss (blitz)"]
[EventRounds "10"]
[EventCountry "USA"]
[SourceTitle "EXT 2021"]
[Source "ChessBase"]
[SourceDate "2020.10.23"]
[SourceVersion "1"]
[SourceVersionDate "2020.10.23"]
[SourceQuality "1"]

1. e4 e6 2. d4 d5 3. exd5 exd5 4. Nc3 Nc6 5. Nf3 Nf6 6. Bd3 Bg4 7. Be2 Be7 8. 0-0 0-0 9. h3 Bh5 10. Bf4 Re8 11. Ne5 Bxe2 12. Nxe2 Nxe5 13. dxe5 Ne4 14. Qd3 Nc5 15. Qg3 Ne6 16. Be3 c6 17. f4 f5 18. Nd4 Nxd4 19. Bxd4 Bh4 20. Qd3 Qd7 21. g3 Bd8 22. Rae1 Qe6 23. Qf3 Bb6 24. c3 Rad8 25. Kh2 Rd7 26. g4 Rf8 27. Bxb6 axb6 28. Rg1 d4 29. b3 fxg4 30. hxg4 dxc3 31. f5 Qh6+ 32. Kg3 Rfd8 33. Rh1 Qd2 34. Qf2 Rd3+ 35. Kg2 Qg5 36. Qh4 Rd2+ 0-1

[Event "Titled Tuesday intern op 6th Aug"]
[Site "Chess.com INT"]
[Date "2019.08.06"]
[Round "1"]
[White "Steinbuerg, Karl W"]
[Black "Chigaev, Maksim"]
[Result "0-1"]
[WhiteElo "2440"]
[BlackElo "2643"]
[PlyCount "124"]
[EventDate "2019.08.06"]
[EventType "swiss (blitz)"]
[EventRounds "10"]
[EventCountry "USA"]
[SourceTitle "EXT 2021"]
[Source "ChessBase"]
[SourceDate "2020.10.23"]
[SourceVersion "1"]
[SourceVersionDate "2020.10.23"]
[SourceQuality "1"]

1. d4 Nf6 2. c4 g6 3. Nc3 Bg7 4. Nf3 d6 5. g3 0-0 6. Bg2 Nc6 7. 0-0 a6 8. Bf4 Rb8 9. Rc1 h6 10. Qd2 g5 11. Be3 Ng4 12. d5 Nxe3 13. Qxe3 Na5 14. b3 c5 15. dxc6 bxc6 16. Rfd1 c5 17. h4 g4 18. Ne1 Bd7 19. Nd3 Nc6 20. Nf4 Ne5 21. Nh5 a5 22. Ne4 f6 23. Nc3 Qe8 24. Nf4 f5 25. Bd5+ Kh7 26. Ne6 Bxe6 27. Bxe6 Qg6 28. Bd5 h5 29. Qg5 Qxg5 30. hxg5 Kg6 31. f4 gxf3 32. exf3 f4 33. Kg2 Kxg5 34. gxf4+ Rxf4 35. Ne2 Rbf8 36. Nxf4 Rxf4 37. Kf2 Kh6 38. Ke2 Rf8 39. Rh1 Ng6 40. Be4 Nf4+ 41. Kd2 Bd4 42. Rce1 Rg8 43. Rh2 Rb8 44. Bf5 e5 45. Bg4 Kg5 46. Bd7 Rh8 47. Reh1 Kf6 48. Bg4 Kg5 49. Bd7 h4 50. Bg4 e4 51. Re1 e3+ 52. Kc2 e2 53. Kd2 Re8 54. Bd7 Re7 55. Bc6 Be3+ 56. Kc2 h3 57. Be4 Kh4 58. Rhxe2 Nxe2 59. Rxe2 Bf4 60. Kd3 h2 61. Re1 Rg7 62. Bf5 Rg1 0-1

[Event "Titled Tuesday intern op 4th June"]
[Site "Chess.com INT"]
[Date "2019.06.04"]
[Round "4"]
[White "Lushenkov, Mikhail M"]
[Black "Steinbuerg, Karl W"]
[Result "1-0"]
[WhiteElo "2434"]
[BlackElo "2502"]
[PlyCount "100"]
[EventDate "2019.06.04"]
[EventType "swiss (blitz)"]
[EventRounds "10"]
[EventCountry "USA"]
[SourceTitle "EXT 2021"]
[Source "ChessBase"]
[SourceDate "2020.10.23"]
[SourceVersion "1"]
[SourceVersionDate "2020.10.23"]
[SourceQuality "1"]

1. Nf3 Nf6 2. c4 e6 3. Nc3 d5 4. d4 dxc4 5. e3 c5 6. Bxc4 a6 7. Bd3 Nc6 8. 0-0 Be7 9. a3 0-0 10. Bc2 cxd4 11. exd4 b5 12. Bg5 h6 13. Bh4 Bb7 14. Qd3 g6 15. Rfe1 Nd5 16. Bg3 Bf6 17. Rxe6 Ncb4 18. axb4 Nxb4 19. Qd2 Nxc2 20. Rd6 Nxa1 21. Rxd8 Raxd8 22. Qd1 Bxf3 23. gxf3 Rxd4 24. Qxa1 h5 25. Qxa6 Bg7 26. Qxb5 h4 27. Be5 Bxe5 28. Qxe5 Rfd8 29. Kg2 Rd2 30. Ne4 Rc2 31. Nf6+ Kf8 32. Nd5 Kg8 33. Ne7+ Kh7 34. Qf4 h3+ 35. Kxh3 Kg7 36. Kg3 Rdd2 37. Qe5+ f6 38. Qe4 Rxf2 39. Qxg6+ Kf8 40. Qxf6+ Ke8 41. Nf5 Rg2+ 42. Kf4 Kd7 43. Qd6+ Kc8 44. Ne7+ Kb7 45. Qb4+ Kc7 46. Nd5+ Kd7 47. Ne3 Rxb2 48. Qd4+ Ke6 49. Nxg2 Rxg2 50. h4 Rd2 1-0

[Event "Titled Tuesday intern op 2nd April"]
[Site "Chess.com INT"]
[Date "2019.04.02"]
[Round "7"]
[White "Steinbuerg, Karl W"]
[Black "Ali Marandi, Cemil Can"]
[Result "0-1"]
[WhiteElo "2467"]
[BlackElo "2525"]
[PlyCount "108"]
[EventDate "2019.04.02"]
[EventType "swiss (blitz)"]
[EventRounds "10"]
[EventCountry "USA"]
[SourceTitle "EXT 2021"]
[Source "ChessBase"]
[SourceDate "2020.10.23"]
[SourceVersion "1"]
[SourceVersionDate "2020.10.23"]
[SourceQuality "1"]

1. d4 d5 2. Nf3 Nf6 3. e3 e6 4. Bd3 c5 5. 0-0 Nc6 6. c3 Bd6 7. Nbd2 0-0 8. dxc5 Bxc5 9. b4 Bd6 10. Bb2 a6 11. a3 e5 12. e4 Bg4 13. h3 Bh5 14. exd5 Nxd5 15. Ne4 Bc7 16. Ng3 Bg6 17. Bxg6 hxg6 18. c4 Nf4 19. Qxd8 Raxd8 20. b5 axb5 21. cxb5 Nd4 22. Nxd4 exd4 23. Rac1 Bb6 24. Rfd1 Rfe8 25. Rd2 d3 26. Kf1 Ba5 27. Rdd1 Ne2 28. Rc4 Nxg3+ 29. fxg3 Re2 30. Bc3 Bb6 31. Bd4 Rxd4 32. Rxd4 Bxd4 33. Rxd3 Re4 34. a4 b6 35. Ra3 Bc5 36. Ra2 Bb4 37. g4 g5 38. Kf2 Ba5 39. Kf3 Rc4 40. g3 g6 41. h4 Rc3+ 42. Kg2 gxh4 43. gxh4 Kg7 44. g5 f6 45. Re2 fxg5 46. hxg5 Rc5 47. Re7+ Kf8 48. Rb7 Rxg5+ 49. Kf3 Rf5+ 50. Kg4 Rf7 51. Rb8+ Kg7 52. Kg5 Rd7 53. Kf4 Rd4+ 54. Kg5 Bd2# 0-1

[Event "Titled Tuesday intern op 2nd April"]
[Site "Chess.com INT"]
[Date "2019.04.02"]
[Round "8"]
[White "Steinbuerg, Karl W"]
[Black "Gasanov, Eldar"]
[Result "0-1"]
[WhiteElo "2460"]
[BlackElo "2506"]
[PlyCount "70"]
[EventDate "2019.04.02"]
[EventType "swiss (blitz)"]
[EventRounds "10"]
[EventCountry "USA"]
[SourceTitle "EXT 2021"]
[Source "ChessBase"]
[SourceDate "2020.10.23"]
[SourceVersion "1"]
[SourceVersionDate "2020.10.23"]
[SourceQuality "1"]

1. d4 d6 2. Nf3 g6 3. c4 Bg7 4. g3 Nd7 5. Bg2 e5 6. 0-0 Ne7 7. Nc3 0-0 8. h3 f5 9. dxe5 dxe5 10. Qb3 Nc5 11. Qa3 Ne6 12. Rd1 Qe8 13. Nd5 Nc6 14. e3 e4 15. Nd4 Ncxd4 16. exd4 Nxd4 17. Nxc7 Qd8 18. Rxd4 Qxc7 19. Rd1 Qxc4 20. Be3 Be6 21. b3 Qa6 22. Qxa6 bxa6 23. Rac1 Rac8 24. Bxa7 Bb2 25. Rxc8 Rxc8 26. Bf1 a5 27. Rd6 Kf7 28. Bb6 Rc1 29. Bxa5 f4 30. g4 f3 31. Bd2 Ra1 32. g5 Rxa2 33. Bc4 Bxc4 34. bxc4 Ra1+ 35. Kh2 Be5+ 0-1

[Event "Titled Tuesday intern op 2nd April"]
[Site "Chess.com INT"]
[Date "2019.04.02"]
[Round "3"]
[White "Steinbuerg, Karl W"]
[Black "Oparina, Karina"]
[Result "1/2-1/2"]
[WhiteElo "2417"]
[BlackElo "2242"]
[PlyCount "124"]
[EventDate "2019.04.02"]
[EventType "swiss (blitz)"]
[EventRounds "10"]
[EventCountry "USA"]
[SourceTitle "EXT 2021"]
[Source "ChessBase"]
[SourceDate "2020.10.23"]
[SourceVersion "1"]
[SourceVersionDate "2020.10.23"]
[SourceQuality "1"]

1. d4 Nf6 2. Nf3 e6 3. e3 c5 4. c3 b6 5. Bd3 Bb7 6. 0-0 Be7 7. Qe2 0-0 8. Nbd2 d6 9. e4 Nbd7 10. e5 Ne8 11. Ne4 Qc7 12. Neg5 g6 13. Re1 Ng7 14. Bf4 dxe5 15. dxe5 Rad8 16. Ne4 Qc6 17. Bg5 Rfe8 18. Bxe7 Rxe7 19. Qe3 Nf5 20. Qg5 h6 21. Qf4 Kg7 22. g4 Nf8 23. Rad1 g5 24. Qc1 Nh4 25. Nxh4 gxh4 26. Qf4 Red7 27. g5 hxg5 28. Qxg5+ Ng6 29. Qf6+ Kg8 30. Re3 Rxd3 31. Rdxd3 Rxd3 32. Rxd3 Qxe4 33. Rd8+ Kh7 34. Qxf7+ Kh6 35. Kf1 Qb1+ 36. Ke2 Qxb2+ 37. Rd2 Qxc3 38. Qxe6 Qxe5+ 39. Qxe5 Nxe5 40. Rd6+ Kg5 41. Re6 Kf5 42. Re7 Bf3+ 43. Ke3 a6 44. Ra7 Bd5 45. Rxa6 b5 46. Ra7 b4 47. Rh7 Bxa2 48. Rxh4 Bf7 49. Rh7 b3 50. f4 Ng4+ 51. Kd2 Bg6 52. Rc7 Kxf4 53. Kc3 Nxh2 54. Kxb3 Ng4 55. Rxc5 Be4 56. Rc8 Ne5 57. Kc3 Ke3 58. Re8 Nf3 59. Kc4 Nd2+ 60. Kc3 Nf3 61. Rf8 Ne5 62. Re8 Nf3 1/2-1/2

[Event "Titled Tuesday intern op 1st Jan"]
[Site "Chess.com INT"]
[Date "2019.01.01"]
[Round "1"]
[White "Kevlishvili, Robby"]
[Black "Steinbuerg, Karl W"]
[Result "1-0"]
[WhiteElo "2453"]
[BlackElo "2411"]
[PlyCount "111"]
[EventDate "2019.01.01"]
[EventType "swiss (blitz)"]
[EventRounds "10"]
[EventCountry "USA"]
[SourceTitle "EXT 2021"]
[Source "ChessBase"]
[SourceDate "2020.10.23"]
[SourceVersion "1"]
[SourceVersionDate "2020.10.23"]
[SourceQuality "1"]

1. e4 e6 2. d4 d5 3. exd5 exd5 4. Nf3 Bd6 5. c4 dxc4 6. Bxc4 Nf6 7. 0-0 0-0 8. Nc3 Bg4 9. h3 Bh5 10. g4 Bg6 11. Ne5 Nc6 12. f4 Bxe5 13. dxe5 Qe7 14. exf6 Qc5+ 15. Kg2 Qxc4 16. f5 Rfe8 17. fxg6 Rad8 18. gxf7+ Kxf7 19. Qb3 Qxb3 20. fxg7+ Kxg7 21. axb3 a6 22. Bf4 Nd4 23. Bxc7 Rd7 24. Bb6 Nxb3 25. Rad1 Rxd1 26. Rxd1 Re6 27. Rd7+ Kg6 28. Rxb7 Nd2 29. Bf2 Kg5 30. Rb6 Rxb6 31. Bxb6 Nc4 32. Bd8+ Kf4 33. b3 Nd2 34. b4 Nc4 35. Nd5+ Ke5 36. Nb6 Ne3+ 37. Kf3 Nc2 38. Be7 Nd4+ 39. Kg2 Nc6 40. Bc5 Ke4 41. Nc4 Kd5 42. Na5 Ne5 43. Kg3 Ke4 44. Bf8 Ng6 45. Bd6 Nh8 46. Nb7 Nf7 47. Bf4 Kd4 48. Nc5 Kc4 49. Nxa6 Kb5 50. Nc7+ Kxb4 51. Ne6 h6 52. Nd4 Kc4 53. Nf5 h5 54. Nd6+ Nxd6 55. Bxd6 Kd5 56. Ba3 1-0